I autocamping "Jazero" v Čani Ďalšie prevádzky do dražby

Bibliographic Details
Main Author: Kubej, Peter (Author)
Format: Article
Language:Slovak
Subjects:

MARC

LEADER 00000nab a2200000 a 4500
001 vtls000920138
003 SK-MaSNL
005 20260303033852.0
008 040720e19910306xo 0 slo
035 |a KE29015 
040 |a KEVKJB  |b slo  |c KEVKJB  |e AACR2 
041 0 |a slo 
044 |a xo  |c SK 
080 |a 339.13.025.88  |2 1981 
100 1 |a Kubej, Peter  |4 aut  |9 1018264 
245 1 0 |a I autocamping "Jazero" v Čani  |b Ďalšie prevádzky do dražby 
650 0 7 |a privatizácia malá  |2 KEVKJB  |9 882306 
650 0 7 |a dražby verejné  |2 KEVKJB  |9 882855 
650 0 7 |a ceny vyvolávacie  |2 KEVKJB  |9 1018265 
650 0 7 |a informácie  |2 KEVKJB  |9 1285 
651 7 |a KS,  |2 KEVKJB  |9 880381 
655 7 |a periodikum  |2 snkbucl  |9 29553 
773 0 8 |t Vidiek  |g Roč. 1  |g Roč. 28, č.5, 6.3.1991, s. 1,2 
852 |a ZVYKNI  |b KIS3GCP 
999 |c 1671621  |d 1673551